000 00577nam a2200181Ia 4500
003 OSt
005 20260127161704.0
008 210210b1961 xxu||||| |||| 00| 0 eng d
040 _cAL
041 _akan
082 _a854/57
100 _aKRASHNAMURTI (K)
_9162612
_dಕೃಷ್ಣಮೂರ್ತಿ (ಕೆ)
245 _aKannada dhvanyaloka mattu lochana sara
_bಕನ್ನಡ ಧನ್ಯಾ ಲೋಕ ಮತ್ತು ಲೋಚನ ಸಾರ
260 _aMaisuru
_bSharada Mandira
_c1961
690 _aKannada Criticism
_9162613
906 _a019909
942 _2ddc
_cBK
999 _c144059
_d144059